Yüklüyor......

മിസ്സി

Detaylı Bibliyografya
Asıl Yazarlar: പമ്മന്‍, Pamman
Materyal Türü: Printed Book
Baskı/Yayın Bilgisi: Calicut; Poorna Publications; 1994
Edisyon:3rd
Konular:
LEADER 00690nam a22001937a 4500
020 |a 81-7180-387-3 
082 |a 894.M3  |b PAM/M N4 
100 |a പമ്മന്‍;  |9 7690 
100 |a Pamman  |9 6227 
240 |a Missi 
245 |a മിസ്സി 
250 |a 3rd 
260 |a Calicut;  |b Poorna Publications;  |c 1994 
300 |a 244p. 
650 |a മലയാളം; മലയാളം നോവല്‍  |9 3 
650 |a Malayalam; Malayalam Novel; Literature; Malayalam Fiction  |9 7691 
942 |c BK 
999 |c 32028  |d 32028 
952 |0 0  |1 0  |4 0  |6 894_000000000000000_M3_PAM_M_N4  |7 0  |8 FIC  |9 35288  |a MAL  |b MAL  |d 2015-05-08  |e 41888  |g 60.00  |l 0  |o 894.M3 PAM/M N4  |p MAL041888  |r 2015-05-08  |t 1  |w 2015-05-08  |y BK